000 00745nam a2200205Ia 4500
003 GCL
008 140319s9999 xx 000 0 ara d
040 _aGCL /
_cGCL
082 0 4 _a346.02
_bع ا
100 1 _aعبدالحميد الشواربى
_vPurified
_@
…هذب
245 1 0 _aاجراءات الشهر العقارى فى ضوء القضاء والفقة /
_cعبدالحميد الشواربى
260 _a[S.N] :
_bمنشاة المعارف الاسلامية ،
_c1993
300 _a496 ص
490 _aسلسلة الكتب القانونية
_v0
650 0 4 _aالقانون
650 0 4 _aالتوثيق العقارى
650 0 4 _aالشهر العقارى
650 0 4 _aالسجل العينى
942 _2ddc
_cBK
999 _c54691
_d54691